书目信息 |
| 题名: |
世界近代现代史
|
|
| 作者: | ;人民教育出版社历史室 编著 | |
| 分册: | 下册 | |
| 出版信息: | 北京 人民教育出版社 2001 |
|
| 页数: | 141页 | |
| 开本: | 26cm | |
| 丛书名: | ||
| 单 册: | ||
| 中图分类: | G634.52 | |
| 科图分类: | ||
| 主题词: | 教育--各级 | |
| 电子资源: | ||
| ISBN: | 7-107-14713-7 | |
| 000 | 00721nam0 2200217 450 | |
| 001 | 0632300265 | |
| 005 | 20070618175729.37 | |
| 010 | @a7-107-14713-7@dCNY7.20 | |
| 100 | @a20061023d2001 km y0chiy0120 ea | |
| 101 | 0 | @achi |
| 102 | @aCN@b110000 | |
| 200 | 1 | @a世界近代现代史@Ashi jie jin dai xian dai shi@f人民教育出版社历史室编著@Fren min jiao yu chu ban she li shi shi bian zhu@h下册 |
| 205 | @a2版 | |
| 210 | @a北京@c人民教育出版社@d2001 | |
| 215 | @a141页@d26cm | |
| 300 | @a全日制普通高级中学教科书(试验修订本·选修) | |
| 606 | 0 | @a教育@x各级 |
| 690 | @aG634.52@v3 | |
| 711 | 0 | @a人民教育出版社历史室@Aren min jiao yu chu ban she li shi shi@4编著 |
| 801 | 0 | @aCN@bPFT@c20070618 |
| 905 | @a10447@dG634.52@e631:2=2 | |
| 世界近代现代史/人民教育出版社历史室编著.下册.-2版.-北京:人民教育出版社,2001 |
| 141页;26cm |
| 全日制普通高级中学教科书(试验修订本·选修) |
| ISBN 7-107-14713-7:CNY7.20 |
| ● |
| 相关链接 |
|
|
|
|
正题名:世界近代现代史
索取号:G634.52/631:2=2
 
预约/预借
| 序号 | 登录号 | 条形码 | 馆藏地/架位号 | 状态 | 备注 |
| 1 | 0655364 | 206553647 | 第一样本阅览室/ [索取号:G634.52/631:2=2] | 在馆 |